| 000 | 00886nam a22002655i 4500 | ||
|---|---|---|---|
| 001 | 11040 | ||
| 003 | ES-MaACL | ||
| 005 | 20230906150021.0 | ||
| 007 | t| | ||
| 008 | 940623s1992 sp ||||0| spa j | ||
| 020 | _a84-86214-93-9 | ||
| 040 |
_aM-BN _bspa _cM-BN |
||
| 080 | _a325.454(=98:85)"15" | ||
| 100 | 1 |
_aGarcía Castellón, Manuel. _954357 |
|
| 245 | 1 | 0 |
_aGuamán Poma de Ayala, pionero de la teología de la liberación / _cManuel García Castellón. |
| 260 |
_aMadrid : _bPliegos, _cD.L. 1992. |
||
| 300 |
_a176 p ; _c21 cm. |
||
| 490 | 1 |
_aPliegos de ensayo ; _v79 |
|
| 504 | _aBibliografía: p.169-176. | ||
| 600 | 1 | 4 |
_aGuamán Poma de Ayala, Felipe. _tPrimer nueva cronica i buen gobierno. _960299 |
| 650 | 1 | 4 |
_aIndios de Perú- _yS.XVI. _913704 |
| 830 | 0 |
_aPliegos de ensayo ; _v79 _9176437 |
|
| 852 |
_aES-MaACL _jL-18312 _bR.121916 |
||
| 999 |
_c11040 _d11040 |
||